• 首页
  • 本馆介绍
  • 公告通知
  • 最新文献
  • 馆藏检索
  • 电子资源
  • 读者导购
  • 参考咨询
  • 我的图书馆
  • 登录
  • 详细信息显示
  • 放入我的书架
  • 预约/预借图书
  • 作者相关作品
  • 分类相关作品
  • 丛书相关作品
  • 出版社相关作品

书目信息

  • 表格格式
  • 工作单格式
  • 卡片格式
题名:
奇异的声世界
    
 
作者: 克柳金 著 ;任志英 , 程凤阁 译
分册:  
出版信息: 北京   国防工业出版社  1983.6
页数: 124页
开本: 20cm
丛书名:
单 册:
中图分类: O42-49
科图分类:
主题词: 声学
电子资源:
ISBN:
000 00588nam0 2200217 45
001 0312221749
005 20040914155523.0
010    @dCNY0.44
100    @a20031222d1983 km y0chiy0120 ea
101    @achi
105    @a z 000yy
200 1  @a奇异的声世界@AQi Yi De Sheng Shi Jie@f(苏)克柳金著@F(Su)Ke Liu Jin Zhu@g任志英,程凤阁译
210    @a北京@c国防工业出版社@d1983.6
215    @a124页@c插图@d20cm
606 0  @a声学
690    @aO42-49@v3
701 0  @a克柳金@4著
702 0  @a任志英@4译
702 0  @a程凤阁@4译
801    @aCN@bTSTCL@c20031222
905    @dO42-49@e4@f1@b91647
    
    奇异的声世界/(苏)克柳金著/任志英,程凤阁译.-北京:国防工业出版社,1983.6
    124页:插图;20cm
    
    
    ISBN :CNY0.44
    
●
相关链接 在E读中查询图书 在五车中查询图书 在当当中查询图书 在豆瓣中查询图书


正题名:奇异的声世界     索取号:O42-49/4         预约/预借

序号 登录号 条形码 馆藏地/架位号 状态 备注
1 0091645   001462152   第三借阅区/ [索取号:O42-49/4] 在馆    
2 0091646   001462116   第三借阅区/ [索取号:O42-49/4] 在馆    
3 0091647   001701732   第三借阅区/ [索取号:O42-49/4] 在馆    
4 0091648   001462107   第二样本阅览室/ [索取号:O42-49/4] 在馆    
5 1055322   210553220   第三借阅区/ [索取号:O42-49/4] 在馆    
唐山师范学院图书馆 欢迎您!
大连网信软件有限公司© 版权所有